[Event "Bayern-ch op Seniors 26th"]
[Site "Bergen"]
[Date "2014.06.27"]
[Round "7"]
[White "Hein, Manfred"]
[Black "Husser, Oskar"]
[Result "1/2-1/2"]
[WhiteElo "1943"]
[BlackElo "1620"]
[PlyCount "44"]
[EventDate "2014.06.21"]
[EventType "swiss"]
[EventRounds "7"]
[EventCountry "GER"]
[SourceTitle "EXT 2018"]
[Source "ChessBase"]
[SourceDate "2017.10.13"]
[SourceVersion "1"]
[SourceVersionDate "2017.10.13"]
[SourceQuality "1"]

1. e4 d5 2. exd5 Nf6 3. Bb5+ Bd7 4. Bc4 b5 5. Bb3 a5 6. a3 Bg4 7. f3 Bc8 8. Nc3 Qd7 9. Qe2 Ba6 10. Qe5 c6 11. Ne4 Nxd5 12. Nc5 Qd6 13. Qxd6 exd6 14. Nxa6 Nxa6 15. Bxd5 cxd5 16. Ne2 Kd7 17. c3 Nc5 18. Nd4 Rb8 19. 0-0 g6 20. Nc2 Nb3 21. Rb1 Bg7 22. Ne3 Kc6 1/2-1/2

[Event "Regionalliga NO 1213"]
[Site "Bayern"]
[Date "2012.10.14"]
[Round "1.8"]
[White "Goetz, Andreas"]
[Black "Hein, Manfred"]
[Result "1-0"]
[WhiteElo "2062"]
[BlackElo "1956"]
[PlyCount "105"]
[EventDate "2012.10.14"]
[EventType "team-tourn"]
[EventRounds "9"]
[EventCountry "GER"]
[SourceTitle "EXT 2015"]
[Source "ChessBase"]
[SourceDate "2014.11.20"]
[SourceVersion "1"]
[SourceVersionDate "2014.11.20"]
[SourceQuality "1"]
[WhiteTeam "Erlangen"]
[BlackTeam "Gunzenhausen"]
[WhiteTeamCountry "GER"]
[BlackTeamCountry "GER"]

1. d4 d5 2. c4 e6 3. Nf3 Nf6 4. e3 Be7 5. Nbd2 0-0 6. Bd3 c5 7. 0-0 cxd4 8. exd4 dxc4 9. Nxc4 b6 10. Bg5 Bb7 11. Qe2 Na6 12. Na5 Bxf3 13. Qxf3 bxa5 14. Bxa6 Qxd4 15. Qe2 Rab8 16. b3 Qb6 17. Bc4 Nd5 18. Bxe7 Nxe7 19. Rfd1 Rfd8 20. Rxd8+ Rxd8 21. Rd1 g6 22. h3 Rd6 23. Qf3 Rxd1+ 24. Qxd1 Qc7 25. a4 Nc6 26. Bb5 Ne7 27. Bc4 Nf5 28. Qf3 Nd6 29. Qf4 Qc5 30. Qf6 Nxc4 31. bxc4 Qc6 32. Qd8+ Kg7 33. Qxa5 Qxc4 34. Qxa7 Qc1+ 35. Kh2 Qf4+ 36. g3 Qe5 37. a5 h5 38. h4 g5 39. a6 gxh4 40. Qe3 Qa5 41. a7 hxg3+ 42. Qxg3+ Kh6 43. Qb8 Qf5 44. a8Q Qxf2+ 45. Qg2 Qh4+ 46. Kg1 Qd4+ 47. Qf2 Qg4+ 48. Qbg3 Qd1+ 49. Kh2 f5 50. Qgf4+ Kg6 51. Qg2+ Qg4 52. Qe5 Kf7 53. Qb7+ 1-0